Games & stunts for children / (Record no. 38092)

MARC details
000 -LEADER
fixed length control field 00752nam a22002177a 4500
005 - DATE AND TIME OF LATEST TRANSACTION
control field 2010072205365.0
010 ## - LCCN (DPL NO)
LC control number ENG-97344
020 ## - INTERNATIONAL STANDARD BOOK NUMBER
Terms of availability 300.00
International Standard Book Number 9788190694414
035 ## - SYSTEM CONTROL NUMBER
System control number EN-80877
037 ## - SOURCE OF ACQUISITION
Source of stock number/acquisition DBAD/PUB
082 ## - DEWEY DECIMAL CLASSIFICATION NUMBER
Classification number 793.4
100 ## - MAIN ENTRY--PERSONAL NAME
Personal name Datta, A.K.
245 ## - TITLE STATEMENT
Title Games & stunts for children /
Statement of responsibility, etc A.K. Datta
260 ## - PUBLICATION, DISTRIBUTION, ETC. (IMPRINT)
Place of publication, distribution, etc Delhi
Name of publisher, distributor, etc Janavani Prakashan
Date of publication, distribution, etc 2009
270 ## - ADDRESS
Address 30/35-36, Gali No.9, Vishwas Nagar Shahdara,
City Delhi
Postal code 110032
300 ## - PHYSICAL DESCRIPTION
Extent 183p.
Dimensions 23cm (Hb)
500 ## - GENERAL NOTE
General note Includes bibliographical references and index
700 ## - ADDED ENTRY--PERSONAL NAME
9 (RLIN) 2116
942 ## - ADDED ENTRY ELEMENTS (KOHA)
Source of classification or shelving scheme Dewey Decimal Classification
Item type English Books
Call number suffix DAT
Classification part 793.4
Holdings
Withdrawn status Lost status Not for loan Collection code Home library Current library Date acquired Source of acquisition Cost, normal purchase price Full call number Barcode Copy number Cost, replacement price Koha item type
    Not For Loan Non-fiction D.B.Act.Division D.B.Act.Division 28/07/2010 DBAD/PUB 300.00 793.4 DAT EN-80877 1 300.00 English Books
      Non-fiction Shahdara Branch Shahdara Branch 28/02/2019 BPPD/PUB 200.00 793.4 DAT A-977375   200.00 English Books

© Delhi Public Library
Hit Counter
free hit counter